The documentary filmmaking master class : (Record no. 30549)
[ view plain ]
| 000 -LEADER | |
|---|---|
| fixed length control field | 02442cam a2200349 i 4500 |
| 001 - CONTROL NUMBER | |
| control field | 20864642 |
| 003 - CONTROL NUMBER IDENTIFIER | |
| control field | EG-ScBUE |
| 005 - DATE AND TIME OF LATEST TRANSACTION | |
| control field | 20230907103752.0 |
| 008 - FIXED-LENGTH DATA ELEMENTS--GENERAL INFORMATION | |
| fixed length control field | 190209t2019 nyua f b 001 0 eng d |
| 020 ## - INTERNATIONAL STANDARD BOOK NUMBER | |
| International Standard Book Number | 9781621537212 |
| 020 ## - INTERNATIONAL STANDARD BOOK NUMBER | |
| International Standard Book Number | 1621537218 |
| 040 ## - CATALOGING SOURCE | |
| Original cataloging agency | LBSOR/DLC |
| Language of cataloging | eng |
| Description conventions | rda |
| Transcribing agency | LBSOR |
| Modifying agency | DLC |
| -- | EG-ScBUE |
| 082 04 - DEWEY DECIMAL CLASSIFICATION NUMBER | |
| Classification number | 070.18 |
| Edition number | 22 |
| Item number | CHA |
| 100 1# - MAIN ENTRY--PERSONAL NAME | |
| Personal name | Chasse, Betsy, |
| Relator term | author. |
| 245 14 - TITLE STATEMENT | |
| Title | The documentary filmmaking master class : |
| Remainder of title | tell your story from concept to distribution / |
| Statement of responsibility, etc | Betsy Chasse. |
| 264 #1 - PUBLICATION, DISTRIBUTION, ETC. (IMPRINT) | |
| Place of publication, distribution, etc | New York : |
| Name of publisher, distributor, etc | Allworth Press, an imprint of Skyhorse Publishing, |
| Date of publication, distribution, etc | [2019] |
| 264 #4 - PUBLICATION, DISTRIBUTION, ETC. (IMPRINT) | |
| Date of publication, distribution, etc | c2019 |
| 300 ## - PHYSICAL DESCRIPTION | |
| Extent | xii, 193 pages : |
| Other physical details | illustrations ; |
| Dimensions | 23 cm |
| 336 ## - CONTENT TYPE | |
| Content type term | text |
| Content type code | txt |
| Source | rdacontent |
| 337 ## - MEDIA TYPE | |
| Media type term | unmediated |
| Media type code | n |
| Source | rdamedia |
| 338 ## - CARRIER TYPE | |
| Carrier type term | volume |
| Carrier type code | nc |
| Source | rdacarrier |
| 500 ## - GENERAL NOTE | |
| General note | Includes index. |
| 505 0# - FORMATTED CONTENTS NOTE | |
| Formatted contents note | Questions to ask yourself before you decide to embark on this journey -- A little research goes a long way -- What is it worth to you and the world -- What is a business plan and why do I need it? -- Business plan outline -- To sizzle of not to sizzle -- Securing investors -- Crowd funding -- Grants and alternative funding sources -- What are your legal requirements? -- Your team -- How do I get what I want from an interview -- B-roll and other cool stuff that makes your film a film -- Tk -- All that other stuff -- Film festivals -- Theatrical and third-party distributors -- Self-distribution and ancillary products -- Marketing (traditional, grassroots, social). |
| 520 ## - SUMMARY, ETC. | |
| Summary, etc | "In The Documentary Filmmaking Guide, Betsy Chasse teaches readers everything they need to know to make a documentary: from preliminary research on topics and audiences, to developing a business plan and securing funding, to working with a production team and interviewees, to post-production, marketing, and distribution. This down-to-earth guide is truly an all-access pass to what goes on behind the camera"-- |
| Assigning source | Provided by publisher. |
| 650 #7 - SUBJECT ADDED ENTRY--TOPICAL TERM | |
| Topical term or geographic name as entry element | Documentary films |
| General subdivision | Production and direction. |
| Source of heading or term | BUEsh |
| 653 ## - INDEX TERM--UNCONTROLLED | |
| Resource For college | Arts and Design |
| Specialization | Illustration Animation |
| 655 ## - INDEX TERM--GENRE/FORM | |
| Form subdivision | Reading book |
| 776 08 - ADDITIONAL PHYSICAL FORM ENTRY | |
| Display text | Online version: |
| Main entry heading | Chasse, Betsy, author. |
| Title | Documentary filmmaking master class |
| Place, publisher, and date of publication | New York, New York : Allworth Press, an imprint of Skyhorse Publishing, [2019] |
| International Standard Book Number | 9781621537229 |
| Record control number | (DLC) 2019010767 |
| 906 ## - LOCAL DATA ELEMENT F, LDF (RLIN) | |
| a | 7 |
| b | cbc |
| c | orignew |
| d | 1 |
| e | ecip |
| f | 20 |
| g | y-gencatlg |
| 942 ## - ADDED ENTRY ELEMENTS (KOHA) | |
| Source of classification or shelving scheme | Dewey Decimal Classification |
| Koha item type | Book - Borrowing |
| Withdrawn status | Lost status | Source of classification or shelving scheme | Damaged status | Not for loan | Collection code | Home library | Current library | Shelving location | Date acquired | Source of acquisition | Cost, normal purchase price | Serial Enumeration / chronology | Total Checkouts | Full call number | Barcode | Date last seen | Cost, replacement price | Price effective from | Koha item type |
|---|---|---|---|---|---|---|---|---|---|---|---|---|---|---|---|---|---|---|---|
| Dewey Decimal Classification | Baccah | Central Library | Central Library | Lower Floor | 07/09/2023 | Purchase | 1211.00 | 37586 | 070.18 CHA | 000056878 | 15/07/2025 | 1513.75 | 07/09/2023 | Book - Borrowing |